| 000 | 01117 a2200193 4500 | ||
|---|---|---|---|
| 001 | 54700 | ||
| 005 | 20260407155821.0 | ||
| 008 | 260407a1973 arg spa d | ||
| 003 | AR-UNSa-BCEJYS | ||
| 040 |
_aAR-UNSa-BCEJYS _bspa _cAR-UNSa-BCEJYS |
||
| 080 |
_a94(82) _xHistoria de Argentina |
||
| 245 | 1 | 0 | _a¿Qué Argentina queremos los argentinos? |
| 264 | 1 |
_aBuenos Aires : _bEdiciones La Bastilla _c1973 |
|
| 300 |
_a458 p. _c20 cm. |
||
| 505 | _a1. ¿Cómo estructurar un sistema estable de poder que permita gobernar a las mayorías y garantice a las minorías el respeto de sus intereses legítimos? – 2. ¿Qué significa hoy el desarrollo, como objetivos común para los argentinos? – 3. ¿Cómo se puede integrar la sociedad argentina para que en todas las regiones del país exista una razonable igualdad de oportunidades al acceso de los bienes materiales y espirituales que ofrece el mundo contemporáneo? – 4. ¿Qué papel puede desempeñar la Argentina en el mundo multipolar, pacífico y tecnificado de hoy? | ||
| 942 | _cBK | ||
| 590 | _aniveau_biblio:m niveau_hierar:0 | ||
| 100 | 1 | _aLuna, Félix | |
| 999 |
_c5725 _d5725 |
||